000 00465nam a2200169 a 4500
005 20140412111258.0
008 001120s19uu xx 00 eng d
020 _a0-590-04430-3
050 _aTR(PS E
_bLi72 1973
100 _aWeil, Lisl
245 _aLittle chestnut tree story (The) /
_cLise Weil.
260 _aNew York :
_bScholastic Inc,
_c1973.
300 _a1 v. (unp.) ; ill.
650 _aTrees (Chestnut)
650 _aShort stories
999 _c103269
_d103269